[Event "85. Argentino Superior Absoluto 2010 "]
[Site "Buenos Aires ARG"]
[Date "2010.07.06"]
[Round "2.2"]
[White "Peralta, Fernando"]
[Black "Garbarino, Rodolfo"]
[Result "1-0"]
[WhiteElo "2570"]
[BlackElo "2350"]
[PlyCount "115"]
[EventDate "2010.07.05"]
[EventType "swiss"]
[EventRounds "9"]
[EventCountry "ARG"]
[Source "lmi"]
[SourceDate "2010.07.05"]

1. d4 d5 2. c4 e6 3. Nc3 Nf6 4. cxd5 exd5 5. Bg5 Be7 6. e3 O-O 7. Bd3 c6 8. Qc2
Nbd7 9. Nge2 Re8 10. O-O Nf8 11. f3 h6 12. Bh4 Ne6 13. Rad1 Bd7 14. Kh1 Rc8 15.
Qd2 b5 16. Bc2 b4 17. Na4 c5 18. Nxc5 Nxc5 19. dxc5 Bb5 20. Rfe1 Bxc5 21. Nd4
Bxd4 22. exd4 Qd6 23. Bf5 Bd7 24. Bd3 a5 25. Rxe8+ Rxe8 26. Rc1 Rc8 27. Bf2
Rxc1+ 28. Qxc1 a4 29. b3 axb3 30. axb3 Ne8 31. Bg3 Qb6 32. Qc5 Qe6 33. Qxb4 Qe3
34. Bf1 Nf6 35. Be1 h5 36. Qc3 Qe8 37. Bh4 Bb5 38. Bxb5 Qxb5 39. h3 Nd7 40. Kh2
f6 41. b4 Kh7 42. Qc8 Kg6 43. Qe8+ Kh6 44. f4 Qc6 45. f5 Kh7 46. Qxh5+ Kg8 47.
Qe8+ Kh7 48. Bg3 Qb7 49. h4 Nb6 50. h5 Nc4 51. b5 Na3 52. Qg6+ Kg8 53. Qe8+ Kh7
54. Qg6+ Kg8 55. Bh4 Qc7+ 56. Kh3 Qc3+ 57. Bg3 Qc1 58. h6 1-0

[Event "85. Argentino Superior Absoluto 2010 "]
[Site "Buenos Aires ARG"]
[Date "2010.07.06"]
[Round "2.3"]
[White "Barrionuevo, Pablo"]
[Black "Lemos, Damian"]
[Result "1/2-1/2"]
[WhiteElo "2337"]
[BlackElo "2551"]
[PlyCount "36"]
[EventDate "2010.07.05"]
[EventType "swiss"]
[EventRounds "9"]
[EventCountry "ARG"]
[Source "lmi"]
[SourceDate "2010.07.05"]

1. d4 e6 2. c4 Nf6 3. Nf3 d5 4. Nc3 c6 5. g3 Nbd7 6. Qd3 Be7 7. Bg2 b6 8. O-O
Ba6 9. b3 O-O 10. Bb2 Rc8 11. e4 c5 12. exd5 exd5 13. Nb5 dxc4 14. bxc4 Bxb5
15. cxb5 c4 16. Qc2 c3 17. Bc1 Nd5 18. a3 g6 1/2-1/2

[Event "85. Argentino Superior Absoluto 2010 "]
[Site "Buenos Aires ARG"]
[Date "2010.07.06"]
[Round "2.4"]
[White "Mareco, Sandro"]
[Black "Quiroga, Facundo"]
[Result "1/2-1/2"]
[WhiteElo "2527"]
[BlackElo "2340"]
[PlyCount "53"]
[EventDate "2010.07.05"]
[EventType "swiss"]
[EventRounds "9"]
[EventCountry "ARG"]
[Source "lmi"]
[SourceDate "2010.07.05"]

1. d4 Nf6 2. c4 e6 3. Nc3 Bb4 4. e3 O-O 5. Nge2 d5 6. a3 Be7 7. cxd5 exd5 8. g3
c6 9. Bg2 Na6 10. O-O Nc7 11. f3 a6 12. g4 Nb5 13. Na4 a5 14. h3 Nd6 15. Ng3 b5
16. Nc5 a4 17. f4 Nc4 18. Nd3 Ra6 19. Qe1 Ne8 20. Kh2 Ned6 21. Rb1 Re8 22. Ne5
Bh4 23. Qe2 Bxg3+ 24. Kxg3 Bd7 25. Kh2 f6 26. Nd3 Ra7 27. Re1 1/2-1/2

[Event "85. Argentino Superior Absoluto 2010 "]
[Site "Buenos Aires ARG"]
[Date "2010.07.06"]
[Round "2.5"]
[White "Spata, German"]
[Black "Ricardi, Pablo"]
[Result "1/2-1/2"]
[WhiteElo "2286"]
[BlackElo "2512"]
[PlyCount "121"]
[EventDate "2010.07.05"]
[EventType "swiss"]
[EventRounds "9"]
[EventCountry "ARG"]
[Source "lmi"]
[SourceDate "2010.07.05"]

1. Nf3 Nf6 2. b3 g6 3. Bb2 Bg7 4. c4 O-O 5. e3 c5 6. Be2 Nc6 7. O-O d6 8. d4
cxd4 9. Nxd4 Nxd4 10. Qxd4 Bf5 11. Qd2 d5 12. cxd5 Rc8 13. Nc3 Nxd5 14. Qxd5
Bxc3 15. Qxd8 Rfxd8 16. Bxc3 Rxc3 17. Rfd1 Rxd1+ 18. Bxd1 Kg7 19. Kf1 Be4 20.
g3 Kf6 21. Ke1 a5 22. f3 Bc6 23. Kd2 Rc5 24. Be2 Rd5+ 25. Ke1 Rh5 26. h4 Rc5
27. Kd2 Rd5+ 28. Kc3 Rc5+ 29. Kd2 g5 30. hxg5+ Rxg5 31. Rg1 Rd5+ 32. Kc3 Rh5
33. Rg2 Rh1 34. e4 h5 35. Kd4 e5+ 36. Ke3 Ra1 37. Bd3 Re1+ 38. Kf2 Rh1 39. Rg1
Rxg1 40. Kxg1 Kg5 41. a3 h4 42. Kg2 f6 43. b4 axb4 44. axb4 Ba4 45. gxh4+ Kxh4
46. Kf2 Bd7 47. Bc2 Bb5 48. Bb1 b6 49. Bc2 Bc4 50. Bb1 Bb3 51. Bd3 Bd1 52. Bb1
Bb3 53. Bd3 Ba2 54. Bc2 Bc4 55. Bb1 Kg5 56. Kg3 Kg6 57. f4 Kf7 58. fxe5 fxe5
59. Kf2 Ke7 60. Kg3 Kd6 61. Kg4 1/2-1/2

[Event "85. Argentino Superior Absoluto 2010 "]
[Site "Buenos Aires ARG"]
[Date "2010.07.06"]
[Round "2.6"]
[White "Valerga, Diego"]
[Black "Garcia, Raimundo"]
[Result "1-0"]
[WhiteElo "2506"]
[BlackElo "2314"]
[PlyCount "101"]
[EventDate "2010.07.05"]
[EventType "swiss"]
[EventRounds "9"]
[EventCountry "ARG"]
[Source "lmi"]
[SourceDate "2010.07.05"]

1. e4 c5 2. Nf3 e6 3. c3 d5 4. exd5 Qxd5 5. d4 Nf6 6. Bd3 Be7 7. O-O O-O 8. Be3
b6 9. c4 Qd8 10. Qe2 Bb7 11. Rd1 Qc8 12. dxc5 Bxc5 13. Nc3 Nbd7 14. h3 Qc6 15.
Bxc5 Nxc5 16. Bc2 Rad8 17. Nb5 a6 18. Nbd4 Qc8 19. Ne5 Ncd7 20. Ndf3 Nxe5 21.
Nxe5 Qa8 22. f3 Qc8 23. b4 Qc7 24. Rxd8 Rxd8 25. Rd1 a5 26. a3 axb4 27. axb4
Rd6 28. Rxd6 Qxd6 29. Qd3 Qxd3 30. Bxd3 Kf8 31. Kf2 Ke7 32. Ke3 Ne8 33. Bxh7 f6
34. Nd3 f5 35. g4 Kf6 36. gxf5 exf5 37. Bg8 g5 38. Bd5 Bc8 39. Kd4 f4 40. Nf2
Nd6 41. Ng4+ Kg6 42. Ke5 Ne8 43. Bc6 Ng7 44. Be4+ Kf7 45. Kd6 Be6 46. Bd5 Nf5+
47. Ke5 Bxd5 48. Kxf5 Be6+ 49. Kxg5 Kg7 50. c5 bxc5 51. bxc5 1-0

[Event "85. Argentino Superior Absoluto 2010 "]
[Site "Buenos Aires ARG"]
[Date "2010.07.06"]
[Round "2.7"]
[White "Gimenez, Santiago"]
[Black "Alonso, Salvador"]
[Result "1/2-1/2"]
[WhiteElo "2253"]
[BlackElo "2490"]
[PlyCount "43"]
[EventDate "2010.07.05"]
[EventType "swiss"]
[EventRounds "9"]
[EventCountry "ARG"]
[Source "lmi"]
[SourceDate "2010.07.05"]

1. d4 d5 2. c4 c6 3. Nf3 Nf6 4. Nc3 dxc4 5. a4 Bf5 6. Ne5 Nbd7 7. Nxc4 Nb6 8.
Ne5 a5 9. f3 Nfd7 10. Nxd7 Nxd7 11. e4 Bg6 12. Be2 f6 13. O-O e5 14. dxe5 fxe5
15. f4 Nc5 16. Be3 Qxd1 17. Raxd1 exf4 18. Bxf4 Ne6 19. Be5 Bc5+ 20. Kh1 Rf8
21. Bc4 Ke7 22. Rfe1 1/2-1/2

[Event "85. Argentino Superior Absoluto 2010 "]
[Site "Buenos Aires ARG"]
[Date "2010.07.06"]
[Round "2.8"]
[White "Iermito, Sebastian"]
[Black "Fabian, Gaston"]
[Result "1-0"]
[WhiteElo "2457"]
[BlackElo "2260"]
[PlyCount "105"]
[EventDate "2010.07.05"]
[EventType "swiss"]
[EventRounds "9"]
[EventCountry "ARG"]
[Source "lmi"]
[SourceDate "2010.07.05"]

1. e4 c5 2. Nc3 d6 3. Nf3 Nf6 4. d4 cxd4 5. Nxd4 a6 6. Be2 e5 7. Nb3 Be7 8. Be3
Be6 9. Nd5 Nbd7 10. Qd3 O-O 11. c4 b5 12. cxb5 axb5 13. O-O Bxd5 14. exd5 Nb6
15. Qxb5 Nbxd5 16. Bd2 Rb8 17. Qa4 Ra8 18. Qc6 Rc8 19. Qa6 Qd7 20. Rfc1 Ne4 21.
Rxc8 Rxc8 22. Rc1 Rb8 23. Bf3 Ndf6 24. Ba5 Bf8 25. Qc6 Qxc6 26. Rxc6 d5 27. Bc7
Rc8 28. Na5 Bb4 29. Bxe5 Re8 30. Bc7 Nc5 31. g4 Ne6 32. Bb6 Nd7 33. Nb3 Ne5 34.
Bxd5 Nxc6 35. Bxc6 Rc8 36. Be4 Rc4 37. Bd3 Rxg4+ 38. Kf1 Bd6 39. h3 Ra4 40. a3
Be5 41. Bb5 Ra8 42. a4 Bc7 43. Be3 Kf8 44. Nc5 Ke7 45. Nxe6 fxe6 46. b4 Bd6 47.
Bc6 Rb8 48. b5 Bc7 49. Bc5+ Bd6 50. Ba7 Bc7 51. a5 Kd6 52. a6 Rf8 53. Be3 1-0

[Event "85. Argentino Superior Absoluto 2010 "]
[Site "Buenos Aires ARG"]
[Date "2010.07.06"]
[Round "2.9"]
[White "Sanhueza, Cristian"]
[Black "Dos Santos, Ramiro"]
[Result "0-1"]
[WhiteElo "2199"]
[BlackElo "2442"]
[PlyCount "108"]
[EventDate "2010.07.05"]
[EventType "swiss"]
[EventRounds "9"]
[EventCountry "ARG"]
[Source "lmi"]
[SourceDate "2010.07.05"]

1. e4 c5 2. Nf3 Nc6 3. d4 cxd4 4. Nxd4 Nf6 5. Nc3 d6 6. Bg5 e6 7. Qd2 a6 8.
O-O-O h6 9. Bh4 Nxe4 10. Qf4 Ng5 11. Nxc6 bxc6 12. Ne4 d5 13. Bxg5 hxg5 14.
Nxg5 Qf6 15. Qg3 e5 16. Be2 Bd6 17. Kb1 Rb8 18. b3 Bf5 19. h4 e4 20. Qe3 O-O
21. g4 Bd7 22. Nxe4 dxe4 23. g5 Qe7 24. Qd4 Be5 25. Qxe4 Rfe8 26. f4 Bc7 27.
Qxe7 Rxe7 28. Bxa6 Bxf4 29. Rhf1 Be5 30. Bc4 Be6 31. Bxe6 Rxe6 32. Rd7 Rbe8 33.
Rf3 R6e7 34. Rxe7 Rxe7 35. c4 Rd7 36. Kc2 Kf8 37. h5 Ke7 38. h6 gxh6 39. gxh6
Ke6 40. Rh3 f5 41. h7 Bh8 42. b4 f4 43. a4 Kf5 44. b5 cxb5 45. cxb5 Kg4 46. Rh1
f3 47. b6 f2 48. a5 Rxh7 49. Rd1 Rd7 50. Rb1 Bd4 51. Kb3 Re7 52. Rf1 Re1 53.
Rxf2 Bxf2 54. Kc4 Rb1 0-1

[Event "85. Argentino Superior Absoluto 2010 "]
[Site "Buenos Aires ARG"]
[Date "2010.07.06"]
[Round "2.10"]
[White "Slipak, Sergio"]
[Black "Virgillito, Cristian"]
[Result "1/2-1/2"]
[WhiteElo "2440"]
[BlackElo "2238"]
[PlyCount "31"]
[EventDate "2010.07.05"]
[EventType "swiss"]
[EventRounds "9"]
[EventCountry "ARG"]
[Source "lmi"]
[SourceDate "2010.07.05"]

1. c4 Nf6 2. Nc3 e6 3. d4 d5 4. Bg5 dxc4 5. e4 c5 6. dxc5 Qa5 7. Bxc4 Nc6 8.
Bxf6 gxf6 9. Nge2 Qxc5 10. Bb3 b5 11. O-O Bb7 12. Ng3 Rd8 13. Qf3 Be7 14. Qg4
Kf8 15. Rad1 Nd4 16. Qf4 1/2-1/2

[Event "85. Argentino Superior Absoluto 2010 "]
[Site "Buenos Aires ARG"]
[Date "2010.07.06"]
[Round "2.11"]
[White "Lezcano, Gustavo"]
[Black "Pierrot, Facundo"]
[Result "0-1"]
[WhiteElo "2177"]
[BlackElo "2431"]
[PlyCount "62"]
[EventDate "2010.07.05"]
[EventType "swiss"]
[EventRounds "9"]
[EventCountry "ARG"]
[Source "lmi"]
[SourceDate "2010.07.05"]

1. e4 e5 2. Bc4 Nc6 3. Nf3 Bc5 4. d3 Nf6 5. c3 d6 6. b4 Bb6 7. a4 a6 8. O-O O-O
9. Bg5 Ne7 10. Nbd2 Ng6 11. Bb3 c6 12. Nh4 Nxh4 13. Bxh4 h6 14. Bxf6 Qxf6 15.
Nc4 Ba7 16. Ne3 Bd7 17. Qh5 Rad8 18. g3 Kh7 19. Kg2 g6 20. Qe2 Qg7 21. Rac1 f5
22. f3 Rf6 23. Nc4 Rdf8 24. a5 Be6 25. Bc2 fxe4 26. dxe4 Qd7 27. g4 Bxg4 28.
fxg4 Rf2+ 29. Rxf2 Rxf2+ 30. Qxf2 Bxf2 31. Kxf2 Qf7+ 0-1

[Event "85. Argentino Superior Absoluto 2010 "]
[Site "Buenos Aires ARG"]
[Date "2010.07.06"]
[Round "2.12"]
[White "Tristan, Leonardo"]
[Black "Lopez, Ricardo"]
[Result "1-0"]
[WhiteElo "2393"]
[BlackElo "2187"]
[PlyCount "45"]
[EventDate "2010.07.05"]
[EventType "swiss"]
[EventRounds "9"]
[EventCountry "ARG"]
[Source "lmi"]
[SourceDate "2010.07.05"]

1. e4 c5 2. Nc3 g6 3. d4 cxd4 4. Qxd4 Nf6 5. Nf3 Nc6 6. Qa4 Bg7 7. e5 Ng8 8.
Bf4 Nh6 9. h3 O-O 10. O-O-O a6 11. g4 Rb8 12. Qe4 Kh8 13. Qe3 Ng8 14. h4 b5 15.
h5 Qb6 16. hxg6 Qxe3+ 17. fxe3 fxg6 18. Bd3 e6 19. Bxg6 h6 20. g5 Nge7 21. gxh6
Nxg6 22. hxg7+ Kxg7 23. Bh6+ 1-0

[Event "85. Argentino Superior Absoluto 2010 "]
[Site "Buenos Aires ARG"]
[Date "2010.07.06"]
[Round "2.13"]
[White "Julia, Ernesto"]
[Black "Ponzo, Fabian"]
[Result "1-0"]
[WhiteElo "2378"]
[BlackElo "2027"]
[PlyCount "93"]
[EventDate "2010.07.05"]
[EventType "swiss"]
[EventRounds "9"]
[EventCountry "ARG"]
[Source "lmi"]
[SourceDate "2010.07.05"]

1. d4 Nf6 2. c4 c5 3. d5 e5 4. Nc3 d6 5. e4 g6 6. Bd3 Bg7 7. h3 Na6 8. a3 Rb8
9. b4 O-O 10. Rb1 Nh5 11. g3 Nf6 12. Bg5 h6 13. Be3 b6 14. g4 Kh7 15. Nge2 Rh8
16. Ng3 Ra8 17. Be2 Nb8 18. h4 Ne8 19. Qd2 Kg8 20. h5 g5 21. f3 Bf8 22. Bd1 f6
23. Ba4 Rh7 24. Rh2 Rf7 25. Qd3 Rh7 26. Rhb2 Ba6 27. Bb5 Qc8 28. bxc5 bxc5 29.
Bxa6 Nxa6 30. Qd1 Rb8 31. Qa4 Rxb2 32. Rxb2 Nb8 33. Ke2 Rc7 34. Kd3 a6 35. Nf5
Kf7 36. Qb3 Nd7 37. Na4 Ra7 38. Nb6 Nxb6 39. Qxb6 Qd7 40. Qc6 Rc7 41. Qxd7+
Rxd7 42. Bd2 Ra7 43. Rb6 a5 44. a4 Nc7 45. Nxd6+ Bxd6 46. Rxd6 Na6 47. Bxa5 1-0

[Event "85. Argentino Superior Absoluto 2010 "]
[Site "Buenos Aires ARG"]
[Date "2010.07.06"]
[Round "2.14"]
[White "Galleto, Ricardo"]
[Black "Mahia, Gustavo"]
[Result "1/2-1/2"]
[WhiteElo "2019"]
[BlackElo "2393"]
[PlyCount "162"]
[EventDate "2010.07.05"]
[EventType "swiss"]
[EventRounds "9"]
[EventCountry "ARG"]
[Source "lmi"]
[SourceDate "2010.07.05"]

1. Nf3 d5 2. d4 c6 3. Bf4 Qb6 4. b3 Nf6 5. e3 Ne4 6. c3 Bg4 7. Be2 Nd7 8. O-O
e6 9. Ne5 Bxe2 10. Qxe2 Nxe5 11. Bxe5 f6 12. Bg3 h5 13. f3 Nxg3 14. hxg3 O-O-O
15. Nd2 e5 16. a4 Qc7 17. f4 Kb8 18. Nf3 Bd6 19. Nh4 g5 20. Nf5 h4 21. fxe5
fxe5 22. Nxd6 Qxd6 23. Qg4 Qe7 24. Rae1 Rde8 25. b4 a6 26. a5 Ka7 27. dxe5 hxg3
28. Qxg3 Qh7 29. Rf6 Qe4 30. e6 Rh5 31. Re2 Reh8 32. Kf2 Rh2 33. Qf3 Qh4+ 34.
Qg3 Qe4 35. Qf3 Qe5 36. Rf7 Qxe6 37. Qf6 Qe4 38. Qd4+ Kb8 39. Qxe4 dxe4 40. Rg7
R2h7 41. Rxg5 Rd8 42. Re5 Rf7+ 43. Ke1 Rd3 44. Rxe4 Rxc3 45. g4 Rc7 46. g5 Rc1+
47. Kd2 Rg1 48. Re5 Rg7 49. Rh2 R1xg5 50. Rxg5 Rxg5 51. Rh7 Kc8 52. Re7 c5 53.
Kc3 cxb4+ 54. Kxb4 Rb5+ 55. Ka4 Kd8 56. Re4 Rb1 57. Rh4 Kc7 58. Rh8 Kd6 59. Re8
Kc5 60. Rc8+ Kd5 61. Re8 Kc4 62. Rc8+ Kd3 63. Re8 Ra1+ 64. Kb4 Rb1+ 65. Ka4 Rh1
66. Re7 Rb1 67. Re8 Re1 68. Re7 Kc4 69. Rc7+ Kd5 70. Re7 Kd6 71. Re8 Rb1 72.
Rd8+ Ke7 73. Rd4 Rb5 74. Rb4 Rxb4+ 75. Kxb4 Kd6 76. Kc4 Kc6 77. e4 b5+ 78. axb6
Kxb6 79. e5 Kc6 80. Kb4 Kd5 81. Ka5 Kxe5 1/2-1/2

[Event "85. Argentino Superior Absoluto 2010 "]
[Site "Buenos Aires ARG"]
[Date "2010.07.06"]
[Round "2.15"]
[White "Fiori, Alberto Nicolas"]
[Black "Valli, Americo"]
[Result "1-0"]
[WhiteElo "2166"]
[BlackElo "1972"]
[PlyCount "226"]
[EventDate "2010.07.05"]
[EventType "swiss"]
[EventRounds "9"]
[EventCountry "ARG"]
[Source "lmi"]
[SourceDate "2010.07.05"]

1. d4 d5 2. Nf3 Nf6 3. Bf4 g6 4. Nc3 Nh5 5. Be5 f6 6. Bg3 Nc6 7. e4 Nxg3 8.
hxg3 dxe4 9. Nxe4 Bf5 10. Nc5 e5 11. c3 exd4 12. cxd4 Bxc5 13. dxc5 Qe7+ 14.
Qe2 O-O-O 15. Qxe7 Nxe7 16. Bc4 Nc6 17. O-O Rde8 18. Rfe1 g5 19. Rxe8+ Rxe8 20.
Bb5 Bd7 21. Rd1 a6 22. Bxc6 Bxc6 23. Nd4 Rd8 24. b4 Bb5 25. f3 Bc4 26. a3 a5
27. Kf2 axb4 28. axb4 Bb3 29. Rd2 Bc4 30. g4 Rd5 31. Ke3 Re5+ 32. Kf2 Rd5 33.
Rd1 Bb3 34. Rd3 Bc4 35. Rd2 Kd7 36. Ke3 Re5+ 37. Kf2 Rd5 38. Ke1 b6 39. cxb6
cxb6 40. Kf2 Kd6 41. g3 Kd7 42. Rd1 Bb3 43. Rd3 Bc2 44. Rd2 Bg6 45. f4 h5 46.
gxh5 Bxh5 47. Ke3 gxf4+ 48. gxf4 Bf7 49. Rd1 Kc7 50. Rg1 Rd7 51. Ke4 Kb7 52.
Rg3 Ba2 53. Rg1 Bf7 54. Rg3 Ba2 55. Rg1 Bf7 56. Rd1 Bg6+ 57. f5 Bf7 58. Rd2 Rd5
59. Rg2 Re5+ 60. Kd3 Bd5 61. Rg7+ Kc8 62. Rg6 Be4+ 63. Kc3 Bxf5 64. Rxf6 Re3+
65. Kb2 Bd7 66. Rxb6 Kc7 67. Rf6 Rd3 68. Nb3 Bc6 69. Rh6 Bd5 70. Nc5 Rg3 71. b5
Bg2 72. b6+ Kd8 73. Rd6+ Ke8 74. Re6+ Kd8 75. Rd6+ Kc8 76. Rd7 Rg6 77. Rc7+ Kd8
78. Rd7+ Kc8 79. b7+ Bxb7 80. Rxb7 Rc6 81. Rb5 Kc7 82. Kc3 Rh6 83. Kd4 Kc6 84.
Ra5 Rh4+ 85. Ne4 Rh1 86. Rc5+ Kb6 87. Rc8 Rd1+ 88. Kc4 Rd7 89. Nc5 Rd1 90. Nb3
Rd7 91. Kb4 Rh7 92. Na5 Rh4+ 93. Nc4+ Kb7 94. Rc5 Rh1 95. Nd2 Rh4+ 96. Nc4 Rh3
97. Ka4 Rh1 98. Na5+ Kb6 99. Rc6+ Ka7 100. Rc7+ Kb8 101. Rg7 Kc8 102. Nb3 Kd8
103. Kb4 Ke8 104. Rb7 Rd1 105. Kc5 Kd8 106. Kc6 Ke8 107. Nc5 Rd2 108. Rh7 Rd1
109. Ne4 Kf8 110. Nd6 Kg8 111. Rd7 Re1 112. Kd5 Rf1 113. Ra7 Re1 1-0

[Event "85. Argentino Superior Absoluto 2010 "]
[Site "Buenos Aires ARG"]
[Date "2010.07.06"]
[Round "2.16"]
[White "Rasgido, Alejandro"]
[Black "Cereijo, Nicolas"]
[Result "0-1"]
[WhiteElo "1997"]
[BlackElo "2139"]
[PlyCount "86"]
[EventDate "2010.07.05"]
[EventType "swiss"]
[EventRounds "9"]
[EventCountry "ARG"]
[Source "lmi"]
[SourceDate "2010.07.05"]

1. b3 e5 2. Bb2 d6 3. c4 f5 4. Nc3 Nf6 5. e3 Be7 6. Be2 O-O 7. d3 c6 8. Nf3 h6
9. Qc2 a5 10. d4 e4 11. Nd2 d5 12. O-O Na6 13. a3 Bd6 14. g3 Qe8 15. Rfe1 g5
16. f4 Be6 17. Kh1 Kg7 18. Rg1 Bf7 19. Qd1 Rh8 20. h3 Kf8 21. Qf1 Ke7 22. Rc1
Rc8 23. Qf2 Be6 24. cxd5 cxd5 25. Na4 Qg6 26. Nb6 Rcg8 27. Na4 h5 28. Nc5 Bc8
29. Nxa6 bxa6 30. Rc6 Qh6 31. Nc4 dxc4 32. Bxc4 Bb7 33. Rb6 Rb8 34. d5 Rhd8 35.
Be5 Ne8 36. Qb2 g4 37. h4 Kf8 38. Bxa6 Bxe5 39. Qxe5 Qxb6 40. Qh8+ Kf7 41. Bc4
Bxd5 42. Qe5 Qd6 43. Bxd5+ Qxd5 0-1

[Event "85. Argentino Superior Absoluto 2010 "]
[Site "Buenos Aires ARG"]
[Date "2010.07.06"]
[Round "2.18"]
[White "Chavarria, Bily"]
[Black "Mazzoleni, Julio"]
[Result "1-0"]
[WhiteElo "1963"]
[BlackElo "2123"]
[PlyCount "79"]
[EventDate "2010.07.05"]
[EventType "swiss"]
[EventRounds "9"]
[EventCountry "ARG"]
[Source "lmi"]
[SourceDate "2010.07.05"]

1. d4 Nc6 2. c4 e5 3. d5 Nce7 4. Nc3 Ng6 5. e4 Nf6 6. g3 Bc5 7. Bg2 O-O 8. Nge2
h5 9. a3 Ng4 10. O-O a5 11. Na4 Ba7 12. Bd2 d6 13. h3 Nxf2 14. Rxf2 Bd7 15.
Nec3 h4 16. g4 Bxf2+ 17. Kxf2 Qe8 18. Qb3 b5 19. Nxb5 Rb8 20. Nac3 f5 21. gxf5
Bxf5 22. exf5 Rxf5+ 23. Kg1 Nf4 24. Bxf4 Rxf4 25. Ne2 Rf6 26. Rf1 Rxf1+ 27.
Kxf1 Qg6 28. Kg1 Rf8 29. Qd1 Qf5 30. Qe1 Qd3 31. Nbc3 Qxc4 32. Be4 Qc5+ 33. Kg2
g5 34. Bf3 Qe3 35. Qf2 Qd2 36. Ne4 Qd3 37. Nxg5 Qg6 38. Qxh4 Rf5 39. Qh7+ Qxh7
40. Nxh7 1-0

[Event "85. Argentino Superior Absoluto 2010 "]
[Site "Buenos Aires ARG"]
[Date "2010.07.06"]
[Round "2.19"]
[White "Cabral, Matias Andres"]
[Black "Ligato, Guillermo Fe"]
[Result "0-1"]
[WhiteElo "2098"]
[BlackElo "1944"]
[PlyCount "256"]
[EventDate "2010.07.05"]
[EventType "swiss"]
[EventRounds "9"]
[EventCountry "ARG"]
[Source "lmi"]
[SourceDate "2010.07.05"]

1. e4 e5 2. Nf3 Nf6 3. Nxe5 d6 4. Nf3 Nxe4 5. Bc4 Be7 6. Nc3 Nxc3 7. dxc3 Nc6
8. Be3 O-O 9. Qd2 Ne5 10. Be2 Be6 11. Nd4 Bc4 12. Bd1 Ba6 13. b3 Bf6 14. f4 Nd7
15. Bf3 Re8 16. O-O-O Nc5 17. g4 Ne4 18. Bxe4 Rxe4 19. g5 Bxd4 20. cxd4 Qe7 21.
Rhe1 d5 22. f5 Re8 23. f6 Qe6 24. Bf2 Qf5 25. Bg3 Be2 26. Be5 Bxd1 27. Rxd1 c5
28. fxg7 cxd4 29. Bf6 Re2 30. Qd3 Qxd3 31. Rxd3 Rxh2 32. Rxd4 h6 33. gxh6 Rxh6
34. Rf4 Re6 35. Bd4 b6 36. Rf5 f6 37. Rxd5 Re7 38. a4 Kxg7 39. a5 bxa5 40. Rxa5
Rh8 41. Ra6 Rf7 42. b4 Rd8 43. Bc5 Rdd7 44. Kb2 f5 45. Kc3 f4 46. Bd4+ Kh7 47.
Ra1 Kg6 48. Kd3 Kf5 49. c3 Rh7 50. Ke2 Rdf7 51. Kf3 Rh3+ 52. Kf2 Ke4 53. Re1+
Kd3 54. Re6 f3 55. Re3+ Kc4 56. Be5 Kd5 57. Bg3 Kc4 58. Be5 Rf5 59. Bd6 Rd5 60.
Bg3 Rf5 61. Bd6 Rh6 62. Bg3 Rhf6 63. Bb8 Ra6 64. Rxf3 Rxf3+ 65. Kxf3 Kxc3 66.
b5 Ra5 67. Ke4 Kc4 68. Ke3 Kxb5 69. Kd3 Ra4 70. Kc3 a6 71. Kb3 Rh4 72. Bd6 Rh3+
73. Kc2 a5 74. Kb2 Kc4 75. Bc7 a4 76. Ka2 Rf3 77. Bd6 Rb3 78. Be5 Kd3 79. Bd6
Kc2 80. Bc5 Rh3 81. Bd6 Rd3 82. Bb4 Kd1 83. Bc5 Ke2 84. Bb4 Ke3 85. Bc5+ Ke4
86. Be7 Kd5 87. Bf6 Kc4 88. Be7 Kb5 89. Bf8 Rg3 90. Bd6 Rg2+ 91. Ka3 Kc4 92.
Be5 Re2 93. Bf6 Re3+ 94. Ka2 a3 95. Bg5 Rg3 96. Be7 Kc3 97. Kxa3 Re3 98. Bf6+
Kc4+ 99. Kb2 Rf3 100. Bh4 Re3 101. Bf6 Kb4 102. Kc2 Rf3 103. Be5 Kc4 104. Kd2
Kd5 105. Bc7 Ke4 106. Ke2 Rc3 107. Bb6 Rc2+ 108. Kf1 Rb2 109. Ba7 Ra2 110. Bb6
Kd3 111. Kg1 Rb2 112. Ba7 Re2 113. Kh1 Ke4 114. Bb6 Kf3 115. Ba7 Re1+ 116. Bg1
Re7 117. Bh2 Rg7 118. Bg1 Kg3 119. Bh2+ Kh3 120. Bg1 Rg6 121. Bh2 Rf6 122. Bg1
Re6 123. Bf2 Rd6 124. Bg1 Rd5 125. Bh2 Rd2 126. Bg1 Kg3 127. Be3 Rh2+ 128. Kg1
Re2 0-1

[Event "85. Argentino Superior Absoluto 2010 "]
[Site "Buenos Aires ARG"]
[Date "2010.07.06"]
[Round "2.20"]
[White "Benedetti, Julio"]
[Black "Koch, Juan"]
[Result "1/2-1/2"]
[WhiteElo "1945"]
[BlackElo "2087"]
[PlyCount "106"]
[EventDate "2010.07.05"]
[EventType "swiss"]
[EventRounds "9"]
[EventCountry "ARG"]
[Source "lmi"]
[SourceDate "2010.07.05"]

1. e4 e5 2. Nf3 Nc6 3. Bc4 Nf6 4. d3 Be7 5. c3 O-O 6. Bb3 d5 7. Nbd2 Bg4 8. Qe2
Re8 9. h3 Bh5 10. g4 Bg6 11. Bc2 dxe4 12. dxe4 h5 13. Rg1 hxg4 14. hxg4 Nh7 15.
Nc4 Bg5 16. Ne3 Bf4 17. Nf5 Ng5 18. Bxf4 exf4 19. Nxg5 Qxg5 20. O-O-O f3+ 21.
Qd2 Qxd2+ 22. Rxd2 Ne5 23. Rg3 Bxf5 24. gxf5 Rad8 25. b3 c5 26. Rd5 b6 27. a4
f6 28. Kd2 c4 29. Rd4 a6 30. Ke3 b5 31. axb5 axb5 32. bxc4 bxc4 33. Ba4 Rf8 34.
Bd1 Ra8 35. Bxf3 Ra3 36. Be2 Rxc3+ 37. Kd2 Rxg3 38. fxg3 Kh7 39. Kc3 Rc8 40.
Bxc4 Kh6 41. Kb3 Rb8+ 42. Ka4 Kg5 43. Bd5 Rb1 44. Rb4 Ra1+ 45. Kb5 Kg4 46. Rb3
Rc1 47. Ra3 Rc7 48. Kb6 Nc4+ 49. Kxc7 Nxa3 50. Kd7 Kxg3 51. Ke7 Kf4 52. Kf7 Ke5
53. Kxg7 Nc2 1/2-1/2

[Event "85. Argentino Superior Absoluto 2010 "]
[Site "Buenos Aires ARG"]
[Date "2010.07.06"]
[Round "2.21"]
[White "Leeuw, Pablo"]
[Black "Araoz, Claudio Alberto"]
[Result "1-0"]
[WhiteElo "2071"]
[BlackElo "1878"]
[PlyCount "97"]
[EventDate "2010.07.05"]
[EventType "swiss"]
[EventRounds "9"]
[EventCountry "ARG"]
[Source "lmi"]
[SourceDate "2010.07.05"]

1. e4 d6 2. d4 Nf6 3. Nc3 g6 4. Nf3 Bg7 5. h3 O-O 6. Be3 e5 7. dxe5 dxe5 8.
Qxd8 Rxd8 9. Bc4 Nbd7 10. O-O-O Rf8 11. Kb1 c6 12. a4 b6 13. Rd2 a6 14. Rd6 b5
15. Bb3 b4 16. Ne2 Nxe4 17. Rxc6 Nef6 18. Rd1 h6 19. Rc7 a5 20. g4 Ba6 21. Ng3
e4 22. Nd4 Rfc8 23. Nb5 Bxb5 24. Rxc8+ Rxc8 25. axb5 Nc5 26. Bxc5 Rxc5 27. Rd8+
Bf8 28. b6 Rb5 29. Rb8 Kg7 30. Ba4 Bd6 31. Rb7 Re5 32. Bb3 Re7 33. Ra7 Bc5 34.
Rc7 Bd6 35. Rxe7 Bxe7 36. b7 Bd6 37. Ne2 Nd7 38. Nd4 Nc5 39. Bd5 Kf6 40. Nb3
Nxb3 41. Bxb3 g5 42. Kc1 Ke5 43. Bxf7 Kf4 44. Bd5 Kf3 45. Kd2 Bf4+ 46. Ke1 a4
47. Kf1 Bd6 48. Bc4 Bf4 49. Be2# 1-0

[Event "85. Argentino Superior Absoluto 2010 "]
[Site "Buenos Aires ARG"]
[Date "2010.07.06"]
[Round "2.22"]
[White "Luo, Victor"]
[Black "Martinez de Negri, Gonzalo"]
[Result "0-1"]
[WhiteElo "1906"]
[BlackElo "2069"]
[PlyCount "76"]
[EventDate "2010.07.05"]
[EventType "swiss"]
[EventRounds "9"]
[EventCountry "ARG"]
[Source "lmi"]
[SourceDate "2010.07.05"]

1. e4 c5 2. Nf3 d6 3. d4 cxd4 4. Nxd4 Nf6 5. Nc3 a6 6. Be3 Ng4 7. Bg5 h6 8. Bh4
g5 9. Bg3 Bg7 10. f3 Ne5 11. Qd2 Nbc6 12. Nb3 Be6 13. Nd5 b5 14. O-O-O Nc4 15.
Bxc4 bxc4 16. Na1 Rb8 17. c3 Qa5 18. a3 Ne5 19. Bxe5 Bxe5 20. g3 Rb5 21. f4 Bg7
22. Nc2 Bxd5 23. exd5 Qa4 24. Ne3 Rb3 25. Qe2 Bxc3 26. bxc3 Qxa3+ 27. Kd2 Qb2+
28. Ke1 Qxc3+ 29. Kf2 Rb2 30. Rc1 Rxe2+ 31. Kxe2 Qd3+ 32. Kf2 Qd2+ 33. Kf3 g4+
34. Nxg4 Qxd5+ 35. Kf2 Qd2+ 36. Kf3 O-O 37. Nxh6+ Kh7 38. Ng4 Rb8 0-1